00378nam a22001217a 4500008004100000020001800041050002200059100001900081245009400100260003000194300001500224700001700239230612b |||||||| |||| 00| 0 eng d a9780981960807 aPE1128b.C37 2009 aCarroll, Kevin aMake your point :bSpeak and concisely anyplace, anytime/ cKevin Carroll and Bob Elliott bSecond avenue pressc2009 axii, 110p. aElliott, Bob